<?xml version="1.0" encoding="UTF-8"?>
<record
    xmlns:xsi="http://www.w3.org/2001/XMLSchema-instance"
    xsi:schemaLocation="http://www.loc.gov/MARC21/slim http://www.loc.gov/standards/marcxml/schema/MARC21slim.xsd"
    xmlns="http://www.loc.gov/MARC21/slim">

  <leader>01523nam a2200205Ia 4500</leader>
  <controlfield tag="001">b6939-50107 </controlfield>
  <controlfield tag="003">IT-MiCISF</controlfield>
  <controlfield tag="008">161014s9999||||xx |||||||||||||| ||und||</controlfield>
  <datafield tag="040" ind1=" " ind2=" ">
    <subfield code="a">IT-MiCISF</subfield>
    <subfield code="c">IT-MiCISF</subfield>
  </datafield>
  <datafield tag="041" ind1=" " ind2=" ">
    <subfield code="a">it</subfield>
  </datafield>
  <datafield tag="100" ind1=" " ind2=" ">
    <subfield code="a">Barducci Maria Cristina</subfield>
  </datafield>
  <datafield tag="245" ind1=" " ind2="0">
    <subfield code="a">Specchio delle mie brame</subfield>
    <subfield code="b">Narcisismo femminile e passione amorosa</subfield>
  </datafield>
  <datafield tag="250" ind1=" " ind2=" ">
    <subfield code="a">1a ed.</subfield>
  </datafield>
  <datafield tag="260" ind1=" " ind2=" ">
    <subfield code="a"> Roma</subfield>
    <subfield code="b">Magi</subfield>
    <subfield code="c">2011</subfield>
  </datafield>
  <datafield tag="300" ind1=" " ind2=" ">
    <subfield code="a">pp. 165</subfield>
  </datafield>
  <datafield tag="500" ind1=" " ind2=" ">
    <subfield code="a"> / donna, rapporti-madre-figli, psicoanalisi, maternit&#xE0;, relazione-di-coppia / Esplorando il narcisismo femminile, argomento poco indagato nell'ottica dell'identit&#xE0; di genere, l'A. sceglie il campo dell'esperienza amorosa, luogo in cui - per una donna - riaffiorano prepotentemente tutte le questioni del rapporto con la propria madre. Molto intrigante appare, in quel contesto, il tema della passione d'amore la quale, esplodendo in modo violento, riattiva tutto un mondo di emozioni legate al rapporto primario carente e pertanto soggetto a rimozioni e difese di varia natura. Delle tre parti di cui si compone il libro, quella teorica mostra come il rapporto madre-figlia si costruisca, per lo pi&#xF9;, sulla base degli elementi collettivi e come per questa ragione non produca una vera e propria soggettivit&#xE0;. Il racconto di un caso clinico, nella seconda parte, chiarisce come la passione, irrompendo nella vita della paziente, possa essere il motore del cambiamento e della crescita.</subfield>
  </datafield>
  <datafield tag="650" ind1=" " ind2=" ">
    <subfield code="a"> Identit&#xE0; e genere / donna</subfield>
    <subfield code="e">003</subfield>
  </datafield>
  <datafield tag="942" ind1=" " ind2=" ">
    <subfield code="c">BK</subfield>
  </datafield>
  <datafield tag="957" ind1=" " ind2=" ">
    <subfield code="7">1</subfield>
  </datafield>
  <datafield tag="999" ind1=" " ind2=" ">
    <subfield code="a">50107</subfield>
    <subfield code="b">si</subfield>
    <subfield code="g">1</subfield>
    <subfield code="c">210053</subfield>
    <subfield code="d">210053</subfield>
  </datafield>
  <datafield tag="952" ind1=" " ind2=" ">
    <subfield code="0">0</subfield>
    <subfield code="1">0</subfield>
    <subfield code="4">0</subfield>
    <subfield code="6">B_693950107</subfield>
    <subfield code="7">1</subfield>
    <subfield code="a">CISF</subfield>
    <subfield code="b">CISF</subfield>
    <subfield code="d">2016-10-14</subfield>
    <subfield code="l">0</subfield>
    <subfield code="o">b6939-50107 </subfield>
    <subfield code="r">2016-10-14 00:00:00</subfield>
    <subfield code="w">2016-10-14</subfield>
    <subfield code="y">BK</subfield>
    <subfield code="z">Data import 15.10.2016 / by Epidotti, Vaglietti</subfield>
  </datafield>
</record>
